Current practice guidelines in primary care 2017 : (Record no. 5956)

MARC details
000 -LEADER
fixed length control field 00746nam a22002177a 4500
003 - CONTROL NUMBER IDENTIFIER
control field OSt
005 - DATE AND TIME OF LATEST TRANSACTION
control field 20180118145253.0
008 - FIXED-LENGTH DATA ELEMENTS--GENERAL INFORMATION
fixed length control field 180118b xxu||||| |||| 00| 0 eng d
020 ## - INTERNATIONAL STANDARD BOOK NUMBER
International Standard Book Number 9781259860713
040 ## - CATALOGING SOURCE
Transcribing agency 040a
082 ## - DEWEY DECIMAL CLASSIFICATION NUMBER
Classification number WB 141
Item number E35c 2017
100 ## - MAIN ENTRY--PERSONAL NAME
Personal name Esherick, Joseph S.
9 (RLIN) 12359
245 ## - TITLE STATEMENT
Title Current practice guidelines in primary care 2017 :
Remainder of title concise summaries of the latest disease-screening, prevention and management guidelines /
Statement of responsibility, etc. Joseph S. Esherick, Evan D. Slater, Jacob A.David
260 ## - PUBLICATION, DISTRIBUTION, ETC. (IMPRINT)
Place of publication, distribution, etc. New York
Name of publisher, distributor, etc. McGraw Hill
Date of publication, distribution, etc. 2017
300 ## - PHYSICAL DESCRIPTION
Extent xii, 593p;
Other physical details ill :
Dimensions 16 cm.
504 ## - BIBLIOGRAPHY, ETC. NOTE
Bibliography, etc Includes index.
650 ## - SUBJECT ADDED ENTRY--TOPICAL TERM
Topical term or geographic name as entry element Primary care
9 (RLIN) 4808
700 ## - ADDED ENTRY--PERSONAL NAME
Personal name Slater, Evan D.
9 (RLIN) 12360
700 ## - ADDED ENTRY--PERSONAL NAME
Personal name David, Jacob A.
9 (RLIN) 12361
942 ## - ADDED ENTRY ELEMENTS (KOHA)
Source of classification or shelving scheme Other/Generic Classification Scheme
Koha item type Open Shelf
Holdings
Withdrawn status Lost status Source of classification or shelving scheme Damaged status Not for loan Home library Current library Date acquired Source of acquisition Inventory number Total Checkouts Full call number Barcode Date last seen Price effective from Koha item type
    Other/Generic Classification Scheme     MUST Main Library MUST Main Library 18/01/2018   2017/40322   WB 141 E35c 2017 2018-0027 18/01/2018 18/01/2018 Open Shelf
    Other/Generic Classification Scheme     MUST Main Library MUST Main Library 18/01/2018   2017/40323   WB 141 E35c 2017 2018-0028 18/01/2018 18/01/2018 Open Shelf